[Event "Rio Verde Goiano op"]
[Site "Rio Verde"]
[Date "2023.12.03"]
[Round "6"]
[White "Dos Santos Filho, Ricardo Antonio"]
[Black "Ferreira, Pablo De Araujo"]
[Result "0-1"]
[WhiteElo "1776"]
[BlackElo "1786"]
[PlyCount "50"]
[EventDate "2023.12.01"]
[EventType "swiss"]
[EventRounds "6"]
[EventCountry "BRA"]
[SourceTitle "CB50_2023"]
[SourceDate "2023.12.13"]
[SourceVersion "1"]
[SourceVersionDate "2023.12.13"]
[SourceQuality "1"]

1. Nf3 g6 2. d4 Bg7 3. e4 d6 4. Nc3 Nc6 5. d5 Ne5 6. Nxe5 Bxe5 7. Bd2 a6 8. f4 Bg7 9. Qe2 Nf6 10. 0-0-0 Bg4 11. Qe1 Bxd1 12. Qxd1 0-0 13. e5 dxe5 14. fxe5 Nxd5 15. Nxd5 Qxd5 16. Bf4 Qxa2 17. Qd7 Qa1+ 18. Kd2 Rad8 19. Qxd8 Rxd8+ 20. Bd3 Rxd3+ 21. Kxd3 Qxh1 22. g3 Qxh2 23. Ke4 Qxc2+ 24. Kf3 Qxb2 25. Ke3 Bxe5 0-1

[Event "Rio Verde Goiano op"]
[Site "Rio Verde"]
[Date "2023.12.02"]
[Round "3"]
[White "Matsunaga, Lange Cristina"]
[Black "Ferreira, Pablo De Araujo"]
[Result "1-0"]
[WhiteElo "1472"]
[BlackElo "1786"]
[PlyCount "55"]
[EventDate "2023.12.01"]
[EventType "swiss"]
[EventRounds "6"]
[EventCountry "BRA"]
[SourceTitle "CB50_2023"]
[SourceDate "2023.12.13"]
[SourceVersion "1"]
[SourceVersionDate "2023.12.13"]
[SourceQuality "1"]

1. e4 g6 2. d4 Bg7 3. Nf3 d6 4. Nc3 Nf6 5. h3 e5 6. dxe5 Nfd7 7. exd6 cxd6 8. Qxd6 Nc6 9. Bb5 Bxc3+ 10. bxc3 Qa5 11. Qd3 Nc5 12. Bxc6+ bxc6 13. Qd4 Rg8 14. 0-0 Ba6 15. Qe5+ Kd7 16. Rd1+ Kc8 17. Be3 Nb7 18. Qf6 Be2 19. Rd2 Bxf3 20. Qxf3 Qxc3 21. Rad1 Qg7 22. Qg4+ f5 23. exf5 gxf5 24. Qxf5+ Kc7 25. Bf4+ Kb6 26. Rb1+ Ka6 27. Qd3+ Ka5 28. Qa3# 1-0

[Event "Rio Verde Goiano op"]
[Site "Rio Verde"]
[Date "2023.12.01"]
[Round "2"]
[White "Ferreira, Pablo De Araujo"]
[Black "Ferlin Teixeira, Marcelo Henrique"]
[Result "1-0"]
[WhiteElo "1786"]
[BlackElo "1800"]
[PlyCount "95"]
[EventDate "2023.12.01"]
[EventType "swiss"]
[EventRounds "6"]
[EventCountry "BRA"]
[SourceTitle "CB50_2023"]
[SourceDate "2023.12.13"]
[SourceVersion "1"]
[SourceVersionDate "2023.12.13"]
[SourceQuality "1"]

1. d4 d5 2. Nc3 Bf5 3. g3 e6 4. Bg2 c6 5. Bf4 g5 6. Be3 Na6 7. Qd2 h6 8. a3 Nf6 9. h3 Bg7 10. g4 Bg6 11. f4 Ne4 12. Nxe4 dxe4 13. 0-0-0 Qb6 14. c3 0-0-0 15. h4 c5 16. hxg5 hxg5 17. Rxh8 Bxh8 18. Bh3 c4 19. f5 Nc5 20. dxc5 Rxd2 21. cxb6 Rxd1+ 22. Kxd1 axb6 23. fxg6 f6 24. Bxb6 Kd7 25. e3 Kc6 26. Ba5 e5 27. Bf1 b6 28. Bb4 b5 29. Ne2 Kd7 30. Ng3 Ke6 31. Bf8 f5 32. gxf5+ Kf6 33. Bxc4 bxc4 34. a4 g4 35. a5 Kg5 36. a6 Kh4 37. a7 Kxg3 38. a8Q Kf3 39. Bh6 g3 40. Qa1 g2 41. Kc2 Kf2 42. g7 Bxg7 43. Bxg7 Kxe3 44. Qe1+ Kf3 45. f6 e3 46. f7 g1Q 47. f8Q+ Ke4 48. Qa8+ 1-0